Loading...
Literature - European Literature | 3 | 4 | 1 | 1 | 80 | 36 | 85.29 | 3 | 4 |
Literature - American Literature | 3 | 3 | 0 | 1 | 75 | 34 | 68.50 | 2 | 5 |
Literature - World Literature | 1 | 4 | 0 | 0 | 55 | 61 | 84.80 | 0 | 5 |
Fine Arts - Visual Fine Arts | 1 | 2 | 0 | 1 | 35 | 46 | 87.67 | 1 | 2 |
Fine Arts - Other Fine Arts | 1 | 1 | 0 | 0 | 25 | 73 | 80.50 | 2 | 2 |
Philosophy | 1 | 0 | 0 | 0 | 15 | 81 | 81.00 | 1 | 1 |
History - World History | 1 | 0 | 0 | 0 | 15 | 74 | 74.00 | 0 | 0 |
Literature - British Literature | 1 | 1 | 2 | 0 | 15 | 53 | 69.00 | 1 | 2 |
Mythology | 1 | 0 | 0 | 0 | 15 | 73 | 73.00 | 1 | 1 |
History - Other History | 0 | 1 | 0 | 0 | 10 | 85 | 85.00 | 0 | 1 |